000 00440nam a2200157Ia 4500
003 IN-BaIIA
008 211028s9999 xx 000 0 eng d
040 _cIIA Library
080 _a531.51
_bRAM
100 _aRamsey, A. S.
_91563
245 3 _aAn introduction to the theory of newtonian attraction
_cA. S. Ramsey
260 _aCambridge
_bCambridge University Press
_c1949
300 _aix, 184p.
650 _aGravitation
_91564
942 _cBK
999 _c728
_d728